Código del trabajo: el presente volumen tiene el carácter de no oficial sólo por no contar con el respectivo decreto aprobatorio que se encuentra en trámite. En lo demás, se trata de una edición actualizada, revisada por nuestra Comisión de Códigos y estrictamente conforme a las disposiciones legales publicadas en el Diario Oficial
Guardat en:
| Format: | Llibre |
|---|---|
| Idioma: | espanyol |
| Publicat: |
Santiago
Jurídica de Chile
2005
|
| Edició: | 9a. ed |
| Matèries: | |
| Etiquetes: |
Afegir etiqueta
Sense etiquetes, Sigues el primer a etiquetar aquest registre!
|
MARC
| LEADER | 00000nam a2200000 a 4500 | ||
|---|---|---|---|
| 001 | UCK5971 | ||
| 003 | CL-VaPUC | ||
| 008 | 050902e20050600CL |||||||||||||||||spa|d | ||
| 020 | |a 9561016176 | ||
| 082 | 0 | 4 | |a 344.8301 |b COD |2 21 |
| 245 | 1 | 0 | |a Código del trabajo: el presente volumen tiene el carácter de no oficial sólo por no contar con el respectivo decreto aprobatorio que se encuentra en trámite. En lo demás, se trata de una edición actualizada, revisada por nuestra Comisión de Códigos y estrictamente conforme a las disposiciones legales publicadas en el Diario Oficial |
| 250 | |a 9a. ed | ||
| 300 | |a 911 p | ||
| 942 | |c BK | ||
| 945 | |d 20050902 00:00:00 |a cmena | ||
| 260 | |a Santiago |b Jurídica de Chile |c 2005 | ||
| 500 | |a Apéndice actualizado a abril de 2005 | ||
| 650 | 0 | |a Derecho laboral chileno |9 476826 | |
| 650 | 7 | |a CONTRATO DE TRABAJO |2 CL-VaPUC |9 495017 | |
| 650 | 0 | |a Jurisprudencia |9 255952 | |
| 650 | 0 | |a Obligaciones |9 255578 | |
| 583 | |a last modification |c 20050902 00:00:00 |k Rodrigo Vera | ||
| 999 | |c 314383 |d 314381 | ||
| 952 | |0 0 |1 0 |2 ddc |4 0 |6 344_830100000000000_COD_2005 |7 0 |8 FOND_LRYV |9 386556 |a BIBDER |b BIBDER |d 2019-11-22 |i 4197321 |o 344.8301 COD 2005 |p 4197321 |r 2023-01-25 |w 2019-11-22 |y BK_X |k DER | ||
| 952 | |0 0 |1 0 |2 ddc |4 0 |6 344_830100000000000_COD_2005 |7 0 |8 FOND_LRYV |9 386558 |a BIBDER |b BIBDER |d 2019-11-22 |i 4226828 |o 344.8301 COD 2005 |p 4226828 |r 2023-01-25 |w 2019-11-22 |y BK_X |k DER | ||